| 000 | 00667nam a22001817a 4500 | ||
|---|---|---|---|
| 999 |
_c62298 _d62298 |
||
| 005 | 20240919173527.0 | ||
| 008 | 240919s2015 enk||||| |||| 00| 0 eng d | ||
| 020 | _a 9780071793292x | ||
| 041 | _aeng | ||
| 080 | _a616-082 M-19 | ||
| 100 |
_aMaitin, Ian _923250 |
||
| 245 |
_aCurrent Diagnosis and Treatment Physical Medicine and Rehabilitation / _cMaitin, Ian; Editor E. Cruz. |
||
| 264 |
_aNew York : _bMcGraw Hill, _c2015. |
||
| 300 |
_a735 p.: _bill.; _c21 cm. |
||
| 653 | _aფიზიკური მედიცინა და რეაბილიტაცია | ||
| 700 |
_aCruz, E. _eრედაქტორი _923251 |
||
| 942 |
_2udc _cᲬᲘᲒᲜᲘ |
||